000
00293nam a2200121Ia 4500
008
190216s9999||||xx |||||||||||||| ||und||
100
_a
Vailoppilli Sreedhara Menon
245
0
_a
Onappattukar
260
_b
Published By The Author
_c
1975
300
_a
122p
650
_a
Kavithkal
942
_c
BK
999
_c
25341
_d
25341